|
|
|
|
| LEADER |
00000nam a2200000 a 4500 |
| 001 |
UCV4769 |
| 003 |
CL-VaPUC |
| 008 |
920702e19850000CN |||||||||||||||||eng|d |
| 082 |
0 |
4 |
|a 343.097
|b DAN
|2 21
|
| 245 |
1 |
0 |
|a Dangerous goods regulations
|
| 250 |
|
|
|a 26a. ed
|
| 300 |
|
|
|a 525 p
|
| 942 |
|
|
|c BK
|
| 945 |
|
|
|d 19920702 00:00:00
|
| 260 |
|
|
|a Montreal
|b IATA
|c 1985
|
| 650 |
|
7 |
|a AVIACION COMERCIAL CARGA
|2 CL-VaPUC
|9 260782
|
| 650 |
|
7 |
|a TRANSPORTE
|2 CL-VaPUC
|9 256365
|
| 650 |
|
0 |
|a Derecho y legislación
|9 255077
|
| 650 |
|
7 |
|a MERCANCIAS PELIGROSAS
|2 CL-VaPUC
|9 260783
|
| 583 |
|
|
|a last modification
|c 19920702 00:00:00
|k Rodrigo Vera
|
| 999 |
|
|
|c 211447
|d 211445
|
| 952 |
|
|
|0 0
|1 0
|4 0
|6 343_097000000000000_DAN_1985
|7 0
|8 A
|9 190785
|a BIBING
|b BIBING
|d 2019-11-14
|i 2584387
|o 343.097 DAN 1985
|p 2584387
|r 2025-01-20
|w 2019-11-14
|y BK
|k TRA
|